000 01067nac a22003011i 4500
003 EG-ScBUE
005 20240527105331.0
008 240527s2004 enkb f b 001 0 eng d
020 _a9780745320618
020 _a0745320619 (pbk.)
035 _a(OCoLC)ocm55964081
040 _aEG-ScBUE
_beng
_erda
_cEG-ScBUE
_dEG-ScBUE
082 0 4 _a956.94054
_bPHI
_222
100 1 _aPhilo, Greg,
_eauthor.
245 1 0 _aBad news from Israel /
_cGreg Philo and Mike Berry.
264 1 _aLondon ;
_aSterling, Va. :
_bPluto Press,
_c2004.
300 _aix, 315 pages :
_bmaps ;
_c22 cm
336 _2rdacontent
_atext
_btxt
337 _aunmediated
_2rdamedia
_bn
338 _avolume
_bnc
_2rdacarrier
504 _aIncludes bibliographical references and index.
650 7 _aArab-Israeli conflict
_xPress coverage
_zUnited States.
_2BUEsh
650 7 _aArab-Israeli conflict
_xPress coverage
_zEurope, Western.
_2BUEsh
651 7 _aIsrael
_xPolitics and government.
_2BUEsh
655 _vReading book
700 1 _aBerry, Mike,
_d1967-
_eauthor.
942 _cBB
_2ddc
999 _c5061
_d5061